| 000 | 00474nam a2200193Ia 4500 | ||
|---|---|---|---|
| 003 | GCL | ||
| 008 | 140319s9999 xx 000 0 eng d | ||
| 040 |
_aGCL / _cGCL |
||
| 082 | 0 | 4 |
_a823 _bS G |
| 100 | 1 | _aSCOTT, FITZGERALD | |
| 245 | 1 | 0 |
_aTHE GREAT GATSBY / _cSCOTT, FITZGERALD |
| 260 |
_a[S.N] : _bLONGMAN ، _c1993 |
||
| 300 | _a185 P | ||
| 650 | 0 | 4 | _aENGLISH LITERATURE |
| 650 | 0 | 4 | _aLITERATURE |
| 650 | 0 | 4 | _aENGLISH FICTION |
| 650 | 0 | 4 | _aFICTION |
| 942 |
_2ddc _cBK |
||
| 999 |
_c24345 _d24345 |
||